| 000 | 00000nam 2200000zi 4500 |
| 001 | 9.938871 |
| 003 | CaOODSP |
| 005 | 20241125161634 |
| 006 | m o d f |
| 007 | cr |n||||||||| |
| 008 | 240531e19900330onc ob f00| 0|eng d |
| 040 | |aCaOODSP|beng|erda|cCaOODSP |
| 043 | |an-cn--- |
| 086 | 1 |aCo22-700/1-1990E-PDF |
| 100 | 1 |aTownsend, David, |eauthor. |
| 245 | 10|aMandatory radio standards in Canada / |cprincipal investigators: David Townsend, J.J. O'Shaughnessy. |
| 264 | 1|a[Ottawa] : |b[Department of Communications], |cMarch 30, 1990. |
| 300 | |a1 online resource (v, 115 pages, 12a pages) |
| 336 | |atext|btxt|2rdacontent |
| 337 | |acomputer|bc|2rdamedia |
| 338 | |aonline resource|bcr|2rdacarrier |
| 500 | |aDigitized edition from print [produced by Innovation, Science and Economic Development Canada]. |
| 500 | |aIssued also in French under title: Normes radioelectriques obligatoires au Canada. |
| 500 | |a"This study was performed pursuant to Research Contract 36100-9-0276 between the Department of Communications for Canada and The University of New Brunswick (UNE)." |
| 504 | |aIncludes bibliographical references. |
| 650 | 0|aRadio broadcasting|xStandards|zCanada. |
| 650 | 0|aRadio broadcasting policy|zCanada. |
| 710 | 1 |aCanada. |bDepartment of Communications, |eissuing body. |
| 775 | 08|tNormes radioelectriques obligatoires au Canada / |w(CaOODSP)9.945471 |
| 856 | 40|qPDF|s2.56 MB|uhttps://publications.gc.ca/collections/collection_2024/isde-ised/co22/Co22-700-1-1990-eng.pdf |